[Event "ESP chT Honor Division 2019"]
[Site "Melilla"]
[Date "2019.10.02"]
[Round "3.19"]
[White "Cheparinov, Ivan"]
[Black "Iturrizaga Bonelli, Eduardo"]
[Result "1-0"]
[WhiteElo "2670"]
[BlackElo "2629"]
[Annotator "ChessBase"]
[PlyCount "117"]
[EventDate "2019.09.30"]
[EventType "team-tourn"]
[EventCountry "ESP"]
[SourceTitle "playchess.com"]
[Source "ChessBase"]
[SourceQuality "1"]
[TimeControl "40/5400+30:1800+30"]

1. d4 {[%emt 0:00:00]} Nf6 {[%emt 0:00:00]} 2. c4 {[%emt 0:00:00]} e6 {[%emt 0:00:00]} 3. Nf3 {[%emt 0:00:00]} b6 {[%emt 0:00:38]} 4. g3 {[%emt 0:00:00]} Ba6 {[%emt 0:00:40]} 5. b3 {[%emt 0:00:00]} Bb4+ {[%emt 0:00:32]} 6. Bd2 {[%emt 0:00:00]} Be7 {[%emt 0:00:04]} 7. Bg2 O-O {[%emt 0:00:07]} 8. Nc3 {[%emt 0:00:08]} d5 {[%emt 0:00:28]} 9. cxd5 {[%emt 0:00:08]} exd5 {[%emt 0:00:05]} 10. O-O {[%emt 0:00:05]} Re8 {[%emt 0:00:56]} 11. Ne5 {[%emt 0:00:48]} Bb7 {[%emt 0:01:16]} 12. Bc1 {[%emt 0:00:07]} Nbd7 {[%emt 0:01:04]} 13. Bb2 {[%emt 0:00:09]} Bd6 14. f4 c5 {[%emt 0:24:10]} 15. e3 {[%emt 0:02:35]} cxd4 {[%emt 0:00:09]} 16. exd4 a6 {[%emt 0:00:10]} 17. g4 {[%emt 0:17:54]} b5 {[%emt 0:00:40]} 18. g5 Ne4 {[%emt 0:36:52]} 19. Nxe4 {[%emt 0:01:06]} dxe4 {[%emt 0:00:05]} 20. Qg4 {[%emt 0:04:40]} Re7 {[%emt 0:15:58]} 21. Rae1 {[%emt 0:08:00]} f6 {[%emt 0:05:25]} 22. Nxd7 {[%emt 0:14:24]} Qxd7 {[%emt 0:00:13]} 23. Qxd7 {[%emt 0:01:51]} Rxd7 {[%emt 0:00:06]} 24. Bxe4 {[%emt 0:03:03]} Bxe4 {[%emt 0:05:59]} 25. Rxe4 {[%emt 0:00:01]} f5 {[%emt 0:01:29]} 26. Re2 {[%emt 0:00:07]} Kf7 {[%emt 0:02:53]} 27. Kg2 {[%emt 0:00:50]} Rh8 {[%emt 0:01:08]} 28. h3 {[%emt 0:12:27]} h6 {[%emt 0:00:36]} 29. d5 {[%emt 0:04:25]} Bb8 {[%emt 0:01:53]} 30. gxh6 {[%emt 0:01:23]} Rxh6 {[%emt 0:00:07]} 31. Be5 {[%emt 0:00:05]} Bxe5 {[%emt 0:01:11]} 32. Rxe5 {[%emt 0:00:31]} g6 {[%emt 0:00:34]} 33. Rc1 {[%emt 0:00:56]} Rh8 {[%emt 0:00:27]} 34. Rc6 {[%emt 0:11:39]} Rhd8 {[%emt 0:00:08]} 35. Ree6 {[%emt 0:01:11]} Rxd5 {[%emt 0:00:08]} 36. Rf6+ {[%emt 0:00:04]} Ke7 {[%emt 0:01:08]} 37. Rce6+ {[%emt 0:01:41]} Kd7 {[%emt 0:00:05]} 38. Rxa6 {[%emt 0:02:45]} Rd2+ {[%emt 0:00:06]} 39. Kg3 {[%emt 0:00:44]} Rd3+ {[%emt 0:00:05]} 40. Kf2 {[%emt 0:00:03]} Kc7 {[%emt 0:01:14]} 41. Rf7+ {[%emt 0:35:24]} Kb8 {[%emt 0:30:12]} 42. Rxg6 {[%emt 0:01:01]} Rxh3 {[%emt 0:00:38]} 43. Rxf5 {[%emt 0:07:12]} b4 {[%emt 0:00:05]} 44. Rf7 {[%emt 0:04:01]} Rc8 {[%emt 0:00:00]} 45. Rgg7 Rc2+ {[%emt 0:00:00]} 46. Kg1 {[%emt 0:00:00]} Rh8 {[%emt 0:00:00]} 47. Rb7+ Ka8 48. Ra7+ {[%emt 0:00:00]} Kb8 {[%emt 0:00:00]} 49. Rgb7+ {[%emt 0:00:00]} Kc8 {[%emt 0:00:00]} 50. Rxb4 Rh3 51. Rc4+ {[%emt 0:00:00]} Rxc4 {[%emt 0:00:00]} 52. bxc4 {[%emt 0:00:00]} Rf3 {[%emt 0:00:00]} 53. Rf7 {[%emt 0:00:00]} Rc3 {[%emt 0:00:00]} 54. Kf2 Rxc4 {[%emt 0:00:00]} 55. Kf3 {[%emt 0:00:00]} Ra4 {[%emt 0:00:00]} 56. Re7 {[%emt 0:00:00]} Rxa2 {[%emt 0:00:00]} 57. Kg4 Kd8 {[%emt 0:00:00]} 58. Re1 {[%emt 0:00:00]} Rg2+ 59. Kh5 {[%emt 0:00:00]} 1-0

[Event "ESP chT Honor Division 2019"]
[Site "Melilla"]
[Date "2019.10.02"]
[Round "3.20"]
[White "Vazquez Igarza, Renier"]
[Black "Predke, Alexandr"]
[Result "0-1"]
[WhiteElo "2557"]
[BlackElo "2657"]
[Annotator "ChessBase"]
[PlyCount "104"]
[EventDate "2019.09.30"]
[EventType "team-tourn"]
[EventCountry "ESP"]
[SourceTitle "playchess.com"]
[Source "ChessBase"]
[SourceQuality "1"]
[TimeControl "40/5400+30:1800+30"]

1. Nf3 {[%emt 0:00:00]} d5 {[%emt 0:01:20]} 2. d4 {[%emt 0:00:36]} Nf6 {[%emt 0:00:07]} 3. c4 {[%emt 0:00:16]} e6 {[%emt 0:00:05]} 4. g3 {[%emt 0:02:09]} dxc4 {[%emt 0:00:06]} 5. Bg2 {[%emt 0:03:05]} Bb4+ {[%emt 0:00:09]} 6. Bd2 {[%emt 0:00:47]} a5 {[%emt 0:00:06]} 7. Qc2 {[%emt 0:03:12]} c5 {[%emt 0:00:28]} 8. dxc5 {[%emt 0:03:55]} Bxc5 {[%emt 0:00:19]} 9. Qxc4 {[%emt 0:01:22]} Nbd7 {[%emt 0:01:40]} 10. Nc3 {[%emt 0:07:28]} b6 {[%emt 0:00:44]} 11. O-O {[%emt 0:02:12]} O-O {[%emt 0:00:41]} 12. Qb3 {[%emt 0:02:19]} Bb7 {[%emt 0:01:15]} 13. Rfd1 {[%emt 0:02:15]} Qe7 {[%emt 0:03:52]} 14. Be1 {[%emt 0:01:43]} Rac8 {[%emt 0:03:47]} 15. Rac1 {[%emt 0:03:45]} Bb4 {[%emt 0:06:06]} 16. a3 {[%emt 0:04:10]} Nc5 {[%emt 0:02:34]} 17. Qa2 {[%emt 0:10:13]} Bxc3 {[%emt 0:00:43]} 18. bxc3 {[%emt 0:02:09]} Rfd8 {[%emt 0:14:42]} 19. c4 {[%emt 0:02:47]} Rxd1 {[%emt 0:01:22]} 20. Rxd1 {[%emt 0:00:09]} Ncd7 {[%emt 0:00:10]} 21. Bc3 {[%emt 0:03:59]} h6 {[%emt 0:08:47]} 22. Bf1 {[%emt 0:03:16]} Ne4 {[%emt 0:10:01]} 23. Ba1 {[%emt 0:04:56]} Ba6 {[%emt 0:00:12]} 24. Qb1 {[%emt 0:07:18]} f5 {[%emt 0:04:21]} 25. Qd3 {[%emt 0:09:27]} Rxc4 {[%emt 0:12:23]} 26. Qxd7 {[%emt 0:02:58]} Qxd7 {[%emt 0:00:07]} 27. Rxd7 {[%emt 0:00:05]} Rc1 {[%emt 0:00:02]} 28. Bb2 {[%emt 0:07:19]} Rb1 {[%emt 0:00:03]} 29. Rxg7+ {[%emt 0:02:24]} Kf8 {[%emt 0:00:12]} 30. Rc7 {[%emt 0:02:37]} Rxb2 {[%emt 0:02:40]} 31. Nd4 {[%emt 0:01:23]} Rb1 {[%emt 0:02:00]} 32. Nxe6+ {[%emt 0:00:27]} Kg8 {[%emt 0:00:02]} 33. Rc2 {[%emt 0:01:07]} Rd1 {[%emt 0:00:09]} 34. Kg2 {[%emt 0:03:16]} Nd2 {[%emt 0:00:46]} 35. Nd4 {[%emt 0:01:05]} Nxf1 {[%emt 0:06:07]} 36. Nxf5 {[%emt 0:00:02]} h5 {[%emt 0:00:03]} 37. Kh3 {[%emt 0:01:32]} Rd2 {[%emt 0:01:04]} 38. Rc6 {[%emt 0:00:03]} Bxe2 {[%emt 0:04:03]} 39. Kh4 {[%emt 0:00:01]} b5 {[%emt 0:03:28]} 40. Kg5 {[%emt 0:00:11]} Kf7 {[%emt 0:00:10]} 41. h3 {[%emt 0:06:26]} Ke8 {[%emt 0:03:09]} 42. Rc7 {[%emt 0:07:05]} Kd8 {[%emt 0:01:30]} 43. Ra7 {[%emt 0:00:09]} a4 {[%emt 0:00:37]} 44. f4 {[%emt 0:04:21]} Rd3 {[%emt 0:02:59]} 45. g4 {[%emt 0:01:32]} hxg4 {[%emt 0:02:20]} 46. hxg4 {[%emt 0:00:08]} Ne3 {[%emt 0:05:35]} 47. Ne7 {[%emt 0:03:16]} Bf3 {[%emt 0:02:15]} 48. Kf6 {[%emt 0:03:09]} Rd7 {[%emt 0:01:09]} 49. Rxd7+ {[%emt 0:02:20]} Kxd7 {[%emt 0:00:03]} 50. g5 {[%emt 0:00:10]} b4 {[%emt 0:00:18]} 51. g6 {[%emt 0:01:28]} bxa3 {[%emt 0:00:38]} 52. g7 {[%emt 0:00:07]} Nd5+ {[%emt 0:00:09]} 0-1

[Event "ESP chT Honor Division 2019"]
[Site "Melilla"]
[Date "2019.10.02"]
[Round "3.21"]
[White "Santos Latasa, Jaime"]
[Black "Moreno Ruiz, Javier"]
[Result "1/2-1/2"]
[WhiteElo "2580"]
[BlackElo "2470"]
[Annotator "TA"]
[PlyCount "62"]
[EventDate "2019.09.30"]
[EventType "team-tourn"]
[EventCountry "ESP"]
[SourceTitle "playchess.com"]
[Source "ChessBase"]
[SourceQuality "1"]

{[%evp 13,62,35,41,34,37,34,41,30,40,42,35,30,47,28,41,38,32,35,99,77,112,67,69,48,60,66,85,95,87,46,93,105,93,43,41,32,19,25,29,10,9,0,0,0,0,0,0,0,0,-33,-33]} 1. d4 Nf6 2. c4 g6 3. Nc3 Bg7 4. e4 d6 5. h3 O-O 6. Be3 e5 7. d5 a5 8. g4 {E71: King's Indian: 4 e4 d6 5 h3} Na6 9. Nge2 h5 10. Ng3 {[%cal Rg4h5] White is slightly better.} h4 11. Nge2 Nh7 12. Bg2 $146 ({Predecessor:} 12. Qd2 Bf6 13. Bg2 Bg5 14. f4 exf4 15. Nxf4 Bd7 {½-½ (47) Rodshtein,M (2698)-Demchenko,A (2629) Minsk 2017}) 12... Bf6 13. O-O Bg5 14. f4 exf4 15. Nxf4 Qe7 ({Better is} 15... Nf6 $14) 16. Qd2 $16 Bd7 17. Rae1 Rae8 18. Kh1 b6 19. Bd4 Bf6 20. Bxf6 Nxf6 21. Nd3 {[#] Threatens to win with e5.} Nc5 22. e5 dxe5 ({Avoid the trap} 22... Nxd3 $2 23. exf6 Qxe1 24. Rxe1 $18) 23. Rxe5 Qd6 24. Rxe8 Nxe8 25. Nxc5 Qxc5 26. b3 $36 {[%mdl 2048] White is pushing.} Nd6 27. Ne4 Nxe4 28. Bxe4 Re8 29. Qf4 Qe7 30. Bg2 Bc8 31. Rf2 g5 {Accuracy: White = 70%, Black = 63%.} 1/2-1/2

[Event "ESP chT Honor Division 2019"]
[Site "Melilla"]
[Date "2019.10.02"]
[Round "3.22"]
[White "Suarez Uriel, Adrian"]
[Black "Perez Candelario, Manuel"]
[Result "1/2-1/2"]
[WhiteElo "2392"]
[BlackElo "2621"]
[Annotator "TA"]
[PlyCount "72"]
[EventDate "2019.09.30"]
[EventType "team-tourn"]
[EventCountry "ESP"]
[SourceTitle "playchess.com"]
[Source "ChessBase"]
[SourceQuality "1"]

{[%evp 14,72,18,13,16,9,39,24,48,14,27,33,45,37,47,35,42,34,43,-12,0,-26,0,0,0,0,0,0,0,0,0,0,0,0,0,10,40,46,54,48,71,70,70,66,80,68,115,114,106,100,112,51,56,35,24,0,52,0,24,0,31]} 1. e4 e5 2. Nf3 ({Predecessor:} 2. Bc4 Nf6 3. d3 Nc6 {0-1 (56) Paehtz,T (2356)-Moroni,L (2530) Zuerich 2017}) 2... Nc6 3. Bc4 Nf6 4. d3 Bc5 5. O-O d6 6. c3 a6 7. Bb3 Ba7 8. Re1 h6 $146 {C54: Giuoco Piano: 4 c3 Nf6, main lines with 5 d4 and 5 d3} (8... O-O 9. h3 Re8 10. Nbd2 Be6 11. Ba4 b5 12. Bc2 h6 13. Nf1 d5 14. exd5 Bxd5 15. Ng3 Nh7 16. a4 Nf8 17. b4 {1-0 (54) Nepomniachtchi,I (2774)-Aronian,L (2765) Saint Louis 2019}) 9. Nbd2 g5 10. Nc4 g4 {White has an edge.} 11. Nfd2 h5 12. Nf1 h4 13. Be3 $1 Bd7 14. Bxa7 Nxa7 15. d4 Qe7 16. Nce3 (16. dxe5 $14 dxe5 17. Nfe3) 16... O-O-O $11 17. Ba4 h3 (17... Bxa4 {looks sharper.} 18. Qxa4 h3 19. g3 exd4 20. Nd5 Nxd5 21. exd5 Qf6) 18. Bxd7+ Qxd7 19. dxe5 $1 dxe5 20. Qxd7+ Rxd7 21. Ng3 Nc6 22. Rad1 Rxd1 23. Rxd1 Ne7 24. f3 gxf3 (24... hxg2 $5 {[%cal Rg4f3]} 25. Nxg4 Nxg4 26. fxg4 Rh4 $11) 25. gxf3 Ng6 26. Kf2 Nh7 27. Ng4 Ng5 28. Nf5 b5 29. b3 Re8 30. Nf6 Re6 31. Nd5 Re8 32. Nb4 ({Better is} 32. Kg3 $16) 32... Kb7 $14 33. Rd7 {[#] Black must now prevent Nd6+.} Kc8 $1 {[%cal Rc8d7]} 34. Rd1 Kb7 35. Rd7 {Strongly threatening Nd6+.} Kc8 $1 {[%cal Rc8d7]} 36. Rd1 Kb7 {Accuracy: White = 70%, Black = 58%.} 1/2-1/2

[Event "ESP chT Honor Division 2019"]
[Site "Melilla"]
[Date "2019.10.02"]
[Round "3.23"]
[White "Moreno Tejera, Emilio"]
[Black "Martin Duque, Jesus"]
[Result "1-0"]
[WhiteElo "2427"]
[BlackElo "2445"]
[Annotator "NA"]
[PlyCount "73"]
[EventDate "2019.09.30"]
[EventType "team-tourn"]
[EventCountry "ESP"]
[SourceTitle "playchess.com"]
[Source "ChessBase"]
[SourceQuality "1"]
[TimeControl "40/5400+30:1800+30"]

1. e4 {[%emt 0:00:00]} e5 {[%emt 0:00:00]} 2. Nf3 {[%emt 0:00:28]} Nc6 {[%emt 0:00:00]} 3. Bb5 {[%emt 0:00:35]} a6 {[%emt 0:00:00]} 4. Ba4 {[%emt 0:00:06]} g6 5. O-O {[%emt 0:08:08]} Bg7 {[%emt 0:00:00]} 6. c3 {[%emt 0:00:48]} d6 {[%emt 0:00:11]} 7. d4 {[%emt 0:08:25]} Bd7 {[%emt 0:00:07]} 8. d5 {[%emt 0:02:46]} Nce7 {[%emt 0:00:02]} 9. Bxd7+ {[%emt 0:00:10]} Qxd7 {[%emt 0:00:02]} 10. c4 {[%emt 0:00:09]} h6 {[%emt 0:00:07]} 11. Nc3 {[%emt 0:01:07]} f5 12. Ne1 {[%emt 0:12:56]} Nf6 {[%emt 0:02:05]} 13. f3 {[%emt 0:03:12]} O-O {[%emt 0:00:17]} 14. Nd3 {[%emt 0:00:59]} c6 15. Be3 cxd5 {[%emt 0:24:56]} 16. cxd5 {[%emt 0:16:30]} fxe4 {[%emt 0:01:43]} 17. fxe4 {[%emt 0:00:25]} Rac8 {[%emt 0:04:43]} 18. Rc1 {[%emt 0:10:30]} b5 {[%emt 0:01:50]} 19. Nf2 {[%emt 0:03:02]} Rc4 20. b3 {[%emt 0:05:09]} Rc7 {[%emt 0:05:16]} 21. Qd2 {[%emt 0:02:19]} Ng4 {[%emt 0:16:42]} 22. Nxg4 {[%emt 0:04:16]} Qxg4 {[%emt 0:03:48]} 23. Rxf8+ {[%emt 0:08:21]} Bxf8 {[%emt 0:00:02]} 24. h3 {[%emt 0:00:47]} Qc8 {[%emt 0:01:43]} 25. Bb6 {[%emt 0:00:24]} Rb7 {[%emt 0:00:36]} 26. Nxb5 {[%emt 0:01:59]} Qb8 {[%emt 0:07:28]} 27. Bc7 {[%emt 0:00:52]} Qa8 {[%emt 0:00:28]} 28. Nxd6 {[%emt 0:00:53]} Qa7+ {[%emt 0:00:05]} 29. Qf2 {[%emt 0:00:11]} Qxf2+ {[%emt 0:10:43]} 30. Kxf2 {[%emt 0:00:06]} Ra7 {[%emt 0:00:37]} 31. Ke2 {[%emt 0:01:53]} g5 {[%emt 0:00:15]} 32. Bb6 {[%emt 0:01:52]} Rd7 {[%emt 0:00:02]} 33. Ne8 {[%emt 0:01:09]} Kf7 {[%emt 0:00:10]} 34. Nc7 {[%emt 0:00:18]} Ng6 {[%emt 0:00:21]} 35. g3 {[%emt 0:00:22]} h5 {[%emt 0:01:15]} 36. Rf1+ {[%emt 0:00:34]} Kg7 {[%emt 0:00:07]} 37. Ne6+ {[%emt 0:00:48]} 1-0

[Event "ESP chT Honor Division 2019"]
[Site "Melilla"]
[Date "2019.10.02"]
[Round "3.24"]
[White "Di Benedetto, Desiree"]
[Black "Bivol, Alina"]
[Result "0-1"]
[WhiteElo "2235"]
[BlackElo "2371"]
[Annotator "NA"]
[PlyCount "126"]
[EventDate "2019.09.30"]
[EventType "team-tourn"]
[EventCountry "ESP"]
[SourceTitle "playchess.com"]
[Source "ChessBase"]
[SourceQuality "1"]
[TimeControl "40/5400+30:1800+30"]

1. d4 {[%emt 0:00:36]} Nf6 {[%emt 0:00:00]} 2. Nf3 {[%emt 0:00:08]} g6 {[%emt 0:00:25]} 3. Nc3 {[%emt 0:00:18]} d5 {[%emt 0:01:26]} 4. Bf4 {[%emt 0:00:19]} Bg7 {[%emt 0:01:13]} 5. Nb5 {[%emt 0:01:25]} Na6 {[%emt 0:00:15]} 6. e3 {[%emt 0:00:39]} O-O {[%emt 0:02:47]} 7. h3 {[%emt 0:00:14]} c6 {[%emt 0:00:37]} 8. Nc3 {[%emt 0:00:13]} Qa5 {[%emt 0:04:11]} 9. Qd2 {[%emt 0:02:41]} b5 {[%emt 0:09:25]} 10. Bd3 {[%emt 0:05:27]} b4 {[%emt 0:01:07]} 11. Ne2 {[%emt 0:02:42]} c5 {[%emt 0:00:15]} 12. c3 {[%emt 0:10:09]} c4 13. Bb1 bxc3 {[%emt 0:14:34]} 14. Nxc3 {[%emt 0:08:18]} Bb7 {[%emt 0:05:25]} 15. O-O {[%emt 0:01:16]} Rac8 {[%emt 0:00:33]} 16. Qe2 {[%emt 0:06:06]} Rfd8 {[%emt 0:04:32]} 17. Rd1 {[%emt 0:02:48]} Nb4 {[%emt 0:00:30]} 18. Ne5 Nc6 {[%emt 0:01:11]} 19. Nxc6 {[%emt 0:11:50]} Bxc6 20. Be5 {[%emt 0:01:51]} Bf8 {[%emt 0:01:28]} 21. Bc2 {[%emt 0:10:44]} Nd7 {[%emt 0:02:10]} 22. Bf4 {[%emt 0:03:04]} Bg7 {[%emt 0:01:28]} 23. e4 {[%emt 0:02:01]} dxe4 {[%emt 0:00:17]} 24. Bxe4 Bxe4 25. Qxe4 {[%emt 0:03:09]} e6 {[%emt 0:02:34]} 26. Qe2 {[%emt 0:04:33]} Qf5 {[%emt 0:05:38]} 27. Be3 {[%emt 0:02:41]} Nb6 {[%emt 0:00:47]} 28. Rac1 {[%emt 0:01:19]} Nd5 {[%emt 0:02:01]} 29. Nxd5 {[%emt 0:06:56]} exd5 {[%emt 0:00:34]} 30. b3 {[%emt 0:00:35]} Qe6 {[%emt 0:02:11]} 31. Qd2 {[%emt 0:03:56]} Qa6 32. Bf4 h5 {[%emt 0:03:29]} 33. Re1 {[%emt 0:05:27]} cxb3 {[%emt 0:03:04]} 34. axb3 {[%emt 0:00:24]} Qb6 {[%emt 0:00:04]} 35. Rxc8 {[%emt 0:02:25]} Rxc8 {[%emt 0:00:02]} 36. Be5 {[%emt 0:00:48]} Qxb3 {[%emt 0:01:02]} 37. Bxg7 {[%emt 0:00:43]} Kxg7 {[%emt 0:00:02]} 38. Qf4 {[%emt 0:00:31]} Qb8 {[%emt 0:00:57]} 39. Qg5 {[%emt 0:02:04]} Qd6 {[%emt 0:00:12]} 40. Ra1 {[%emt 0:01:02]} Rb8 {[%emt 0:03:34]} 41. g3 Rb7 {[%emt 0:00:42]} 42. Ra5 {[%emt 0:06:15]} Rd7 {[%emt 0:00:05]} 43. h4 {[%emt 0:01:25]} Qe6 {[%emt 0:04:37]} 44. Qd2 {[%emt 0:02:05]} Qe4 {[%emt 0:01:19]} 45. Kh2 {[%emt 0:01:59]} Re7 {[%emt 0:02:13]} 46. Ra1 {[%emt 0:07:34]} Rc7 {[%emt 0:01:28]} 47. Kg1 {[%emt 0:01:29]} Re7 {[%emt 0:01:47]} 48. Qc3 {[%emt 0:00:53]} Rb7 {[%emt 0:02:32]} 49. Re1 {[%emt 0:03:24]} Rb1 {[%emt 0:02:15]} 50. Rxb1 {[%emt 0:00:05]} Qxb1+ {[%emt 0:00:03]} 51. Kh2 {[%emt 0:00:11]} Qe4 {[%emt 0:01:24]} 52. f3 {[%emt 0:00:45]} Qe2+ {[%emt 0:00:08]} 53. Kg1 {[%emt 0:00:36]} a6 {[%emt 0:01:00]} 54. f4 {[%emt 0:00:23]} Qb5 {[%emt 0:03:53]} 55. Qe1 {[%emt 0:01:55]} a5 {[%emt 0:00:01]} 56. Qe5+ {[%emt 0:03:46]} Kg8 {[%emt 0:05:57]} 57. Kh2 {[%emt 0:00:22]} Qd7 {[%emt 0:00:22]} 58. Qb8+ {[%emt 0:00:36]} Kg7 {[%emt 0:00:49]} 59. Qa8 Qb5 60. Qa7 {[%emt 0:03:15]} Qe2+ {[%emt 0:02:21]} 61. Kg1 {[%emt 0:01:41]} Qf3 {[%emt 0:00:16]} 62. Kh2 Qf2+ {[%emt 0:00:06]} 63. Kh3 {[%emt 0:00:25]} Qg1 {[%emt 0:00:07]} 0-1

[Event "ESP chT Honor Division 2019"]
[Site "Melilla"]
[Date "2019.10.03"]
[Round "4.1"]
[White "Abasov, Nijat"]
[Black "Iturrizaga Bonelli, Eduardo"]
[Result "1/2-1/2"]
[WhiteElo "2632"]
[BlackElo "2629"]
[Annotator "TA"]
[PlyCount "92"]
[EventDate "2019.09.30"]
[EventType "team-tourn"]
[EventCountry "ESP"]
[SourceTitle "playchess.com"]
[Source "ChessBase"]
[SourceQuality "1"]

{[%evp 12,92,19,20,32,26,19,20,22,21,33,22,27,21,29,29,21,21,18,16,18,15,18,14,17,18,22,16,18,8,14,1,14,0,27,0,18,14,18,18,40,40,40,40,40,14,25,0,40,0,40,40,40,40,40,40,40,40,40,0,0,0,0,0,0,0,0,0,0,0,0,0,0,0,0,0,0,0,0,0,0,0,0]} 1. d4 Nf6 2. c4 e6 3. g3 c5 4. Nf3 cxd4 5. Nxd4 Bb4+ 6. Bd2 Bxd2+ 7. Qxd2 Ne4 {A32: Symmetrical English: 2 Nf3 Nf6 3 d4 cxd4 4 Nxd4 e6} 8. Qc2 Qa5+ 9. Nd2 Nxd2 10. Qxd2 Qxd2+ 11. Kxd2 Nc6 12. Kc3 Nxd4 13. Kxd4 b6 14. Bg2 Rb8 {[#]} 15. a4 $146 ({Predecessor:} 15. Rac1) 15... Ke7 16. b3 Bb7 17. Bxb7 Rxb7 $11 {[%mdl 4096] Endgame KRR-KRR} 18. e4 Rc8 19. Rhd1 a6 20. f4 Rc6 21. e5 h5 22. Rd3 Rc8 23. h4 g6 24. Kc3 a5 25. Rad1 Ke8 26. Rd6 Ke7 27. R1d2 Ke8 28. Rb2 Ke7 29. Rbd2 Ke8 30. Kd4 Ke7 31. Ke4 Ke8 32. Kf3 Ke7 33. Rd1 Rh8 34. Rh1 Rh7 35. b4 axb4 {The position is equal.} 36. Rb1 Rh8 37. Rxb4 {Threatens to win with a5.} Ra7 38. Rbxb6 Rxa4 39. Rb7 Rd8 40. c5 Ra3+ 41. Kg2 Ke8 42. Kh3 Rc3 43. Rc7 Rc2 44. Rd3 Ra8 {[#] White must now prevent ...Ra1.} 45. Rdxd7 {Strongly threatening Re7+.} Raa2 {[%csl Ga2][%cal Rc2h2]} (45... Ra1 $5 46. Re7+ $8 Kf8 47. Rxf7+ Kg8 48. Rg7+ {[%mdl 64] Double Attack} Kh8 49. Rh7+ Kg8 50. Rhg7+ {[%mdl 64] Double Attack} Kh8 51. Rh7+ Kg8 52. Rhg7+ $11 {[%mdl 64] Double Attack}) 46. Re7+ Kd8 {Accuracy: White = 54%, Black = 78%.} 1/2-1/2

[Event "ESP chT Honor Division 2019"]
[Site "Melilla"]
[Date "2019.10.03"]
[Round "4.2"]
[White "Vazquez Igarza, Renier"]
[Black "Idani, Pouya"]
[Result "1/2-1/2"]
[WhiteElo "2557"]
[BlackElo "2568"]
[Annotator "ChessBase"]
[PlyCount "123"]
[EventDate "2019.09.30"]
[EventType "team-tourn"]
[EventCountry "ESP"]
[SourceTitle "playchess.com"]
[Source "ChessBase"]
[SourceQuality "1"]
[TimeControl "40/5400+30:1800+30"]

1. Nf3 {[%emt 0:00:00]} f5 {[%emt 0:00:00]} 2. c4 {[%emt 0:01:47]} Nf6 {[%emt 0:00:34]} 3. g3 {[%emt 0:00:19]} g6 {[%emt 0:00:06]} 4. b4 {[%emt 0:00:52]} Bg7 {[%emt 0:01:22]} 5. Bb2 {[%emt 0:00:26]} O-O {[%emt 0:00:38]} 6. Bg2 {[%emt 0:00:05]} c6 {[%emt 0:04:51]} 7. O-O {[%emt 0:00:43]} Na6 {[%emt 0:05:16]} 8. Qb3 {[%emt 0:00:31]} Kh8 {[%emt 0:02:49]} 9. d3 {[%emt 0:10:37]} d6 {[%emt 0:01:32]} 10. Nbd2 {[%emt 0:01:34]} e5 {[%emt 0:03:27]} 11. a4 {[%emt 0:09:07]} Qe7 {[%emt 0:06:33]} 12. c5 {[%emt 0:10:51]} dxc5 {[%emt 0:06:26]} 13. b5 {[%emt 0:00:13]} Be6 {[%emt 0:00:57]} 14. Nc4 {[%emt 0:01:49]} e4 {[%emt 0:04:44]} 15. bxa6 {[%emt 0:07:15]} b5 {[%emt 0:02:12]} 16. axb5 {[%emt 0:07:56]} cxb5 {[%emt 0:00:27]} 17. Qxb5 {[%emt 0:22:24]} Rab8 {[%emt 0:00:46]} 18. Qa5 {[%emt 0:00:49]} exf3 {[%emt 0:03:53]} 19. Bxf3 {[%emt 0:00:11]} Bxc4 {[%emt 0:00:06]} 20. Bxf6 {[%emt 0:00:05]} Bxf6 {[%emt 0:00:06]} 21. dxc4 {[%emt 0:00:05]} Bxa1 {[%emt 0:00:09]} 22. Qxa1+ {[%emt 0:00:04]} Qf6 {[%emt 0:02:14]} 23. Qa5 {[%emt 0:02:32]} Qd6 {[%emt 0:08:31]} 24. Qc3+ {[%emt 0:05:06]} Rf6 {[%emt 0:01:07]} 25. Kg2 {[%emt 0:00:59]} Kg7 {[%emt 0:03:01]} 26. Ra1 {[%emt 0:00:41]} Rb6 {[%emt 0:03:26]} 27. Bb7 {[%emt 0:01:35]} h5 {[%emt 0:00:51]} 28. Ra2 {[%emt 0:03:59]} Qe7 {[%emt 0:02:39]} 29. Bd5 {[%emt 0:00:44]} Kh7 {[%emt 0:00:17]} 30. Bb7 {[%emt 0:01:46]} Rfd6 {[%emt 0:00:38]} 31. Ra1 {[%emt 0:03:41]} Re6 {[%emt 0:04:58]} 32. e3 {[%emt 0:02:04]} Red6 {[%emt 0:00:07]} 33. h4 {[%emt 0:01:30]} Qg7 {[%emt 0:02:42]} 34. Qa5 {[%emt 0:00:41]} Rd3 {[%emt 0:05:28]} 35. Rf1 {[%emt 0:01:40]} Qe7 {[%emt 0:00:58]} 36. Qa1 {[%emt 0:01:19]} Rd2 {[%emt 0:00:39]} 37. Qc3 {[%emt 0:01:17]} Rbb2 {[%emt 0:00:16]} 38. Bd5 {[%emt 0:00:27]} Re2 {[%emt 0:03:49]} 39. Kg1 {[%emt 0:00:14]} Rec2 {[%emt 0:01:11]} 40. Qd3 {[%emt 0:00:18]} Qe5 {[%emt 0:01:35]} 41. Bg2 {[%emt 0:05:21]} Rd2 {[%emt 0:00:34]} 42. Qa3 {[%emt 0:00:20]} Ra2 {[%emt 0:02:14]} 43. Qb3 {[%emt 0:00:34]} Rdb2 {[%emt 0:00:09]} 44. Qd3 {[%emt 0:00:56]} Rxa6 {[%emt 0:02:22]} 45. Qd7+ {[%emt 0:00:09]} Kh6 {[%emt 0:04:48]} 46. Qc8 {[%emt 0:02:11]} Ra5 {[%emt 0:06:38]} 47. Qd8 {[%emt 0:03:19]} Rb6 {[%emt 0:01:35]} 48. Bd5 {[%emt 0:03:41]} Qf6 {[%emt 0:01:03]} 49. Qc8 {[%emt 0:01:56]} Rd6 {[%emt 0:05:06]} 50. Kg2 {[%emt 0:04:38]} Qd8 {[%emt 0:01:10]} 51. Qb7 {[%emt 0:00:15]} Rd7 {[%emt 0:05:57]} 52. Qc6 {[%emt 0:00:23]} Rc7 {[%emt 0:01:06]} 53. Qe6 {[%emt 0:00:17]} Qe7 {[%emt 0:00:23]} 54. Qg8 {[%emt 0:00:07]} Qg7 {[%emt 0:02:12]} 55. Qd8 {[%emt 0:00:22]} Ra4 {[%emt 0:03:51]} 56. Re1 {[%emt 0:02:39]} Rb4 {[%emt 0:06:21]} 57. e4 {[%emt 0:01:32]} Re7 {[%emt 0:00:06]} 58. exf5 {[%emt 0:05:24]} Rxe1 {[%emt 0:00:07]} 59. f6 {[%emt 0:00:12]} Rb8 {[%emt 0:00:20]} 60. Qxb8 {[%emt 0:00:45]} Qxf6 {[%emt 0:00:06]} 61. Qxa7 {[%emt 0:00:05]} Qf8 {[%emt 0:01:54]} 62. Qa2 {[%emt 0:00:38]} 1/2-1/2